000 00625nam a2200253Ia 4500
005 20260121160916.0
008 008 260114s9999 xx 000 0 eng d
020 _a9781315765013
037 _aEBOOK
040 _aCRL
040 _beng
040 _cCRL
041 _2eng
041 _aeng
084 _qCRL
100 _a Jack L Amoureux; Brent J. Steele
_91037814
245 0 _aReflexivity and International Relations
260 _bTaylor and Francis
260 _c2016
856 _uhttp://www.taylorfrancis.com/books/9781315765013
942 _cEBOOK
999 _c1604630
_d1604630